Quiz do mapa da Europa Ocidental - Statistics

Estatísticas Gerais
  • Esse quiz foi jogado 480 vezes
  • A pontuação média é 20 de 24
Respostas no mapa
Respostas codificadas por cores de uma escala verde-vermelha no mapa do quiz de acordo com a % correta abaixo.
 
Estatísticas das Respostas
Resposta % Correto
Itália
90%
Espanha
89%
Irlanda
89%
Portugal
89%
Reino Unido
89%
Alemanha
88%
França
88%
Islândia
87%
Finlândia
86%
Grécia
86%
Noruega
84%
Dinamarca
82%
Bélgica
80%
Suécia
80%
Vaticano
80%
Países Baixos
79%
Áustria
77%
Malta
77%
Mônaco
76%
Suíça
76%
Luxemburgo
75%
Liechtenstein
74%
Andorra
71%
San Marino
69%
Nenhum quiz correspondente encontrado
Distribuição das Pontuações
Porcentagem de Pessoas com Cada Pontuação
Percentil de Números Respondidos
Sua Pontuação Histórica
Você não jogou esse quiz